Warrior cats Suffix - Statistics

General Stats
  • This quiz has been taken 67 times
    28 since last reset
  • The average score is 51 of 136
Answer Stats
% Correct
Fur
100%
Heart
100%
Pelt
100%
Tail
100%
Claw
94%
Feather
94%
Pool
94%
Eye
88%
Leaf
88%
Blaze
81%
Wing
81%
Cloud
75%
Fang
75%
Flight
75%
Foot
75%
Frost
75%
Shine
75%
Stripe
75%
Fire
69%
Flower
69%
Nose
69%
Spot
69%
Ear
63%
Eyes
63%
Face
63%
Shade
63%
Storm
63%
Wind
63%
Branch
56%
Breeze
56%
Fern
56%
Leap
56%
Light
56%
Mist
56%
Shadow
56%
Step
56%
Stream
56%
Berry
50%
Bird
50%
Flame
50%
Petal
50%
Spots
50%
Beam
44%
Bright
44%
Dawn
44%
Dusk
44%
Dust
44%
Fall
44%
Moon
44%
Sight
44%
Song
44%
Splash
44%
Spring
44%
Strike
44%
Tooth
44%
Whisker
44%
Wish
44%
Belly
38%
Jaw
38%
Leg
38%
Scratch
38%
Sky
38%
Stone
38%
Tuft
38%
Bark
31%
Bloom
31%
Blossom
31%
Brook
31%
Dapple
31%
Hawk
31%
Peak
31%
Runner
31%
Snow
31%
Swoop
31%
Teeth
31%
Willow
31%
Bee
25%
Call
25%
Crawl
25%
Cry
25%
Haze
25%
Ice
25%
Pad
25%
Poppy
25%
Puddle
25%
Ripple
25%
Scar
25%
Shimmer
25%
Creek
19%
Fish
19%
Gorse
19%
Grass
19%
Shell
19%
Snap
19%
Speck
19%
Speckle
19%
Stalk
19%
Sting
19%
Talon
19%
Toe
19%
Watcher
19%
Whisper
19%
Briar
13%
Burr
13%
Bush
13%
Curl
13%
Drift
13%
Frond
13%
Mask
13%
Mouse
13%
Needle
13%
Pounce
13%
Rose
13%
Smoke
13%
Snout
13%
Spirit
13%
Sweep
13%
Thorn
13%
Throat
13%
Water
13%
Brush
6%
Burrow
6%
Flake
6%
Glow
6%
Minnow
6%
Muzzle
6%
Pod
6%
Seed
6%
Skip
6%
Stem
6%
Thistle
6%
Tip
6%
Eater
0%
Slip
0%
Weed
0%
Whistle
0%
No matching quizzes found
Score Distribution
Percent of People with Each Score
Percentile by Number Answered
Your Score History
You have not taken this quiz since the last reset